000 00877pam a2200277 a 4500
005 20260322212053.0
008 data
010 _a 81001852
020 _a0316291102 :
_c{dollar}16.95
020 _a9780316291101 :
_c{dollar}16.95
040 _aDLC
_cDLC
_dDLC
043 _an-us---
050 0 0 _aQH76
_b.F69
082 0 0 _a333.95/0973
_219
100 1 _aFox, Stephen R.
245 1 0 _aJohn Muir and his legacy :
_bthe American conservation movement /
_cStephen R. Fox.
250 _a1st ed.
260 _aBoston :
_bLittle, Brown,
_cc1981.
300 _axii, 436 p. :
_bill. ;
_c24 cm.
504 _aIncludes bibliographical references and index.
600 1 0 _aMuir, John,
_d1838-1914.
650 0 _aNature conservation
_zUnited States
_xHistory.
650 0 _aConservationists
_zUnited States
_xBiography.
650 0 _aNaturalists
_zUnited States
_xBiography.
001 data
999 _c1268
_d1268